00413nam a2200121 a 45000010005000000030005000050050017000100080041000270400020000681000029000882450109001172600065002261441CDMR20130116135211.0130130s1958||||||||||||||||||||||||||||d aCDMRbcatcCDMR1 aPericot García, Luís10aHistoria de España. Gran historia general de los pueblos hispanosbTomo I. Épocas primitiva y romana aBarcelonac1958bInstituto Gallach de Librería y Ediciones